Normal view
MARC view
- ويلز
Entry Personal Name
001 - CONTROL NUMBER
- control field: 17812
003 - CONTROL NUMBER IDENTIFIER
- control field: JO-AjAnu
005 - DATE AND TIME OF LATEST TRANSACTION
- control field: 20230606073135.0
008 - FIXED-LENGTH DATA ELEMENTS
- fixed length control field: 230606|| aca||aabn | a|a d
040 ## - CATALOGING SOURCE
- Original cataloging agency: JO-AjAnu
- Transcribing agency: JO-AjAnu
100 ## - HEADING--PERSONAL NAME
- Personal name: ويلز
670 ## - SOURCE DATA FOUND
- Source citation: Work cat.: (JO-AjAnu)9149: ويلز, author, فقريات : ثلاث مرشد الدراسة العملية